[Event "AUTO-ADV-4807"]
[Site "http://www.queenalice.com/game.php?id=1842422"]
[Date "2024.8.25"]
[Round "1"]
[White "carlitomontana93270"]
[Black "Capixaba789"]
[Result "1-0"]
[WhiteElo "1911"]
[BlackElo "1910"]

1. c4 e5 2. d3 Nf6 3. e3 Be7 4. g3 d6 5. Bg2 O-O 6. Nf3 c6 7. O-O Nbd7 8. Nbd2
Re8 9. b3 Nf8 10. Bb2 Ng6 11. Qc2 Be6 12. d4 e4 13. Nxe4 Qc8 14. Nxf6+ Bxf6 15.
Rfe1 d5 16. Rac1 a6 17. cxd5 Bxd5 18. e4 Be6 19. e5 Bf5 20. Qe2 Bd8 21. d5 c5
22. d6 Bd7 23. Qe3 Bb6 24. Ng5 h6 25. Nf3 Ba7 26. Qc3 Be6 27. Rcd1 Qd7 28. b4
cxb4 29. Qxb4 b5 30. Nd4 Rac8 31. Nxe6 fxe6 32. Rc1 Rxc1 33. Bxc1 Bb6 34. Qe4
Qf7 35. Be3 Bxe3 36. Qxe3 Nf8 37. Bc6 Rd8 38. Qb6 Nd7 39. Qxd8+ 1-0

[Event "AUTO-ADV-4807"]
[Site "http://www.queenalice.com/game.php?id=1842423"]
[Date "2024.8.25"]
[Round "1"]
[White "Capixaba789"]
[Black "carlitomontana93270"]
[Result "1-0"]
[WhiteElo "1872"]
[BlackElo "1927"]

1. e4 c5 2. f4 d6 3. Nf3 e6 4. Be2 g6 5. O-O Bg7 6. d3 Nf6 7. Nc3 O-O 8. a3 b6
9. Be3 Nbd7 10. Kh1 Bb7 11. Rb1 Qc7 12. e5 dxe5 13. fxe5 Nxe5 14. Nxe5 Qxe5 15.
Bf4 Qd4 16. Bd2 Nd5 17. Bf3 Rad8 18. Nb5 Qe5 19. Nxa7 Ba6 20. Nc6 Qd6 21. Nxd8
Rxd8 22. Bxd5 Qxd5 23. Qf3 Qd7 24. Bg5 Rf8 25. Bf6 Bb7 26. Qg3 Qa4 27. Bxg7 Kxg7
28. c3 Qc6 29. Rf2 f5 30. Rbf1 Kg8 31. Qg5 Rf7 32. h3 Kg7 33. Qg3 Rf8 34. Qg5
Qd7 35. Qf4 Qc6 36. Kg1 Qd5 37. Qd2 Bc6 38. c4 Qd8 39. Re1 Re8 40. b3 Qg5 41.
Qxg5 1-0

[Event "AUTO-ADV-4807"]
[Site "http://www.queenalice.com/game.php?id=1842424"]
[Date "2024.8.25"]
[Round "1"]
[White "carlitomontana93270"]
[Black "maurice916"]
[Result "1-0"]
[WhiteElo "1909"]
[BlackElo "1868"]

1. c4 Nf6 2. d3 d6 3. e3 b6 4. g3 Bb7 5. Nf3 e5 6. Bg2 Nbd7 7. O-O Be7 8. Nc3
O-O 9. b3 a6 10. Bb2 Rb8 11. Re1 Re8 12. a3 Bf8 13. Qc2 c6 14. Nd2 Qc7 15. d4
Rbc8 16. dxe5 Nxe5 17. Rad1 d5 18. cxd5 cxd5 19. Qb1 b5 20. b4 Nc4 21. Nxc4 dxc4
22. Qf5 Bxg2 23. Kxg2 Qb7+ 24. Kg1 Re6 25. Nd5 Nxd5 26. Rxd5 Rce8 27. Red1 g6
28. Qg5 Bg7 29. Bxg7 Kxg7 30. Rd7 Qf3 31. R1d4 Rf6 32. Rd2 Ree6 33. Qc5 h5 34.
Rd8 Kh6 35. h4 g5 36. Qf8+ Kg6 37. Qg8+ Kf5 38. R8d5+ Re5 39. Qh7+ Ke6 40. Rd6+
Ke7 41. Rd7+ Ke6 42. R2d6# 1-0

[Event "AUTO-ADV-4807"]
[Site "http://www.queenalice.com/game.php?id=1842425"]
[Date "2024.8.25"]
[Round "1"]
[White "maurice916"]
[Black "carlitomontana93270"]
[Result "1-0"]
[WhiteElo "1854"]
[BlackElo "1923"]

1. Nf3 c5 2. b3 d6 3. Bb2 e6 4. e3 Nf6 5. c3 g6 6. d4 b6 7. Bb5+ Bd7 8. Bd3 Bg7
9. Nbd2 O-O 10. O-O cxd4 11. cxd4 Nc6 12. a3 d5 13. b4 a6 14. Rc1 b5 15. Nb3 Ne7
16. Nc5 Be8 17. Re1 Nd7 18. Nxd7 Bxd7 19. Ne5 Bc8 20. f4 f6 21. Nc6 Nxc6 22.
Rxc6 Qd7 23. Qc1 Bb7 24. Rc7 Qd8 25. Rxb7 Rc8 26. Qd2 Rc6 27. Rc1 Qd6 28. a4
Rfc8 29. axb5 axb5 30. Rxb5 Qd7 31. Rbc5 Bf8 32. Rxc6 Rxc6 33. Rxc6 Qxc6 34. b5
Qc8 35. Qc3 Qd8 36. Qc6 f5 37. Qxe6+ Kh8 38. b6 Qa8 39. Bxf5 Qa5 40. Qe5+ Bg7
41. Qe8+ 1-0

[Event "AUTO-ADV-4811"]
[Site "http://www.queenalice.com/game.php?id=1843337"]
[Date "2024.9.8"]
[Round "1"]
[White "maurice916"]
[Black "carlitomontana93270"]
[Result "1/2-1/2"]
[WhiteElo "1853"]
[BlackElo "1936"]

1. Nf3 c5 2. b3 d6 3. e3 Nd7 4. Bb2 Ngf6 5. c4 g6 6. Be2 Bg7 7. O-O O-O 8. d4
cxd4 9. exd4 a6 10. Nc3 e5 11. dxe5 dxe5 12. Re1 Re8 13. Bf1 e4 14. Nd4 Nc5 15.
b4 Nd3 16. Bxd3 exd3 17. Rxe8+ Nxe8 18. Nd5 Nf6 19. Nxf6+ Bxf6 20. Qxd3 Bf5 21.
Qd2 Qb6 22. c5 Qc7 23. Nxf5 Bxb2 24. Nh6+ Kg7 25. Nf5+ gxf5 26. Qxb2+ f6 27. Re1
Rd8 28. g3 Kg6 29. Re6 Qf7 30. Re3 b5 31. h3 Qb7 32. Qc2 Rd4 33. c6 Qc7 34. Qc5
Rc4 35. Qf8 Rc1+ 36. Kh2 Qxc6 37. Qg8+ Kh6 38. Qf8+ Kg6 39. Qg8+ Kh6 40. Qf8+
Kg6 1/2-1/2

[Event "AUTO-ADV-4811"]
[Site "http://www.queenalice.com/game.php?id=1843338"]
[Date "2024.9.8"]
[Round "1"]
[White "carlitomontana93270"]
[Black "maurice916"]
[Result "0-1"]
[WhiteElo "1933"]
[BlackElo "1871"]

1. c4 Nf6 2. d3 d6 3. g3 e5 4. Bg2 Be7 5. Nf3 c6 6. O-O Bg4 7. Nbd2 Nbd7 8. a3
Qc7 9. b4 O-O 10. h3 Bh5 11. Bb2 Rfe8 12. Qc2 h6 13. Rfe1 Bg6 14. Qc3 Bf8 15.
Nh4 Bh7 16. Nhf3 Rac8 17. Rac1 Qb8 18. Nh2 d5 19. e3 dxc4 20. dxc4 b6 21. Ndf3
Ne4 22. Qb3 c5 23. Nh4 cxb4 24. axb4 a6 25. Rcd1 Qc7 26. Rc1 Nd2 27. Qa2 Nxc4
28. Bf1 b5 29. N4f3 Bxb4 30. Red1 Ndb6 31. Qb3 a5 32. Nd2 Bxd2 33. Rc2 Bxc2 34.
Qxc2 Bb4 35. Ba1 Qe7 36. Nf3 Nxe3 37. Qe2 Nxd1 38. Qxd1 Nc4 39. Qc2 e4 40. Nh2
e3 0-1

[Event "AUTO-ADV-4811"]
[Site "http://www.queenalice.com/game.php?id=1843351"]
[Date "2024.9.8"]
[Round "1"]
[White "Canaye14"]
[Black "carlitomontana93270"]
[Result "1-0"]
[WhiteElo "1923"]
[BlackElo "1953"]

1. d4 e6 2. Nf3 d5 3. Bf4 Nd7 4. e3 g6 5. c4 c6 6. cxd5 cxd5 7. Nc3 Bg7 8. Bb5
Nf6 9. h3 O-O 10. O-O a6 11. Bd3 b5 12. a3 Nh5 13. Bd6 Re8 14. Rc1 Qb6 15. Bh2
Bb7 16. b4 Nhf6 17. Re1 Rac8 18. Qb3 Qd8 19. a4 bxa4 20. Qxa4 Nb6 21. Qa1 Qe7
22. Bxa6 Ra8 23. b5 Bxa6 24. bxa6 Qa7 25. Nb5 Qxa6 26. Qxa6 Rxa6 27. Nc7 Ra2 28.
Nxe8 Nxe8 29. Rb1 Ra6 30. Rb3 Nd6 31. Bxd6 h6 32. Reb1 Nc4 33. Rb8+ Kh7 34. Be5
f6 35. Bc7 Rc6 36. Bg3 g5 37. R1b7 Nd6 38. Ra7 Nf5 39. Rbb7 Kg6 40. h4 Rc1+ 41.
Kh2 g4 42. Ng1 Rc8 43. f3 h5 44. e4 dxe4 45. fxe4 1-0

[Event "AUTO-ADV-4811"]
[Site "http://www.queenalice.com/game.php?id=1843352"]
[Date "2024.9.8"]
[Round "1"]
[White "carlitomontana93270"]
[Black "Canaye14"]
[Result "1-0"]
[WhiteElo "1936"]
[BlackElo "1960"]

1. c4 e6 2. g3 d5 3. cxd5 exd5 4. Bg2 c5 5. e3 Nc6 6. Nf3 Nf6 7. O-O Be7 8. a3
Bg4 9. d3 O-O 10. Nbd2 h6 11. Qc2 Rc8 12. h3 Be6 13. e4 dxe4 14. dxe4 b6 15. e5
Nd7 16. Nc4 b5 17. Nd6 Rb8 18. Re1 Ndxe5 19. Nxe5 Nxe5 20. Nxf7 Nxf7 21. Rxe6
Qd7 22. Qe2 Bf6 23. Bc6 Qd8 24. Bf4 Rb6 25. Bxb5 Rxe6 26. Qxe6 Qb6 27. Qxb6 axb6
28. Bc7 Bxb2 29. Ra2 Bd4 30. Bxb6 Nd6 31. Be2 Bxf2+ 32. Kh1 Bxg3 33. Bxc5 Rd8
34. a4 Re8 35. Kg2 Bh4 36. Bxd6 Re3 37. a5 Rg3+ 38. Bxg3 1-0

[Event "AUTO-ADV-4811"]
[Site "http://www.queenalice.com/game.php?id=1843359"]
[Date "2024.9.8"]
[Round "1"]
[White "chessman"]
[Black "carlitomontana93270"]
[Result "0-1"]
[WhiteElo "1970"]
[BlackElo "1915"]

1. e4 c5 2. Nf3 e6 3. c3 g6 4. Bc4 Bg7 5. O-O d6 6. d4 cxd4 7. cxd4 Nf6 8. Re1
O-O 9. Nc3 a6 10. a4 Qc7 11. Ba2 Bd7 12. Be3 Nc6 13. Qe2 Nb4 14. Bb1 b5 15. axb5
axb5 16. Rxa8 Rxa8 17. h3 Nc6 18. Nxb5 Qb8 19. Nc3 Ne7 20. Nd2 Qxb2 21. Nf3 Qxc3
22. e5 dxe5 23. dxe5 Nfd5 0-1

[Event "AUTO-ADV-4811"]
[Site "http://www.queenalice.com/game.php?id=1843360"]
[Date "2024.9.8"]
[Round "1"]
[White "carlitomontana93270"]
[Black "chessman"]
[Result "1-0"]
[WhiteElo "1933"]
[BlackElo "1981"]

1. c4 c5 2. d3 Nf6 3. g3 e6 4. Bg2 Be7 5. Nf3 d6 6. O-O Nc6 7. Nbd2 O-O 8. b3 a6
9. Bb2 Qc7 10. e3 h6 11. d4 b5 12. cxb5 axb5 13. dxc5 dxc5 14. Qc2 Bb7 15. Rad1
Rxa2 16. Qb1 Ra7 17. Rfe1 Rd8 18. e4 Na5 19. Be5 Qc8 20. Bc3 b4 21. Bb2 Bc6 22.
Ne5 Bb7 23. Ndf3 Nxb3 24. Rxd8+ Qxd8 25. Rd1 Na5 26. Rxd8+ 1-0

[Event "AUTO-ADV-4812"]
[Site "http://www.queenalice.com/game.php?id=1843541"]
[Date "2024.9.12"]
[Round "1"]
[White "Shizumaru_Hisame"]
[Black "carlitomontana93270"]
[Result "1-0"]
[WhiteElo "1941"]
[BlackElo "1976"]

1. e4 c5 2. c3 d6 3. d4 cxd4 4. cxd4 g6 5. Bd2 Bg7 6. Bc3 Nf6 7. f3 O-O 8. Nd2
Nc6 9. Bd3 e5 10. d5 Ne7 11. Qc2 a6 12. O-O-O b5 13. Nf1 Qb6 14. Ne2 Bd7 15. Kb1
Rac8 16. Qd2 Rb8 17. a3 Qf2 18. Nc1 Qb6 19. Ba5 Qb7 20. h4 Nh5 21. g4 Nf4 22.
Bc2 Nc8 23. h5 Nb6 24. Qh2 gxh5 25. gxh5 h6 26. Rg1 Kh7 27. Ne3 Rg8 28. Rg3 Nc4
29. Nxc4 bxc4 30. Bc3 Qb6 31. Ka1 f6 32. Bb1 Ba4 33. Rd2 Be8 34. Ba2 Nxh5 35.
Rh3 Nf4 36. Rg3 Qb5 37. Ne2 Nd3 38. Rh3 Bd7 39. Rh4 Rb7 40. Ng3 Qb6 41. Bxc4 Nf4
42. Nf5 Bxf5 43. exf5 Qe3 44. Rf2 a5 45. Rf1 Rgb8 46. Rh1 Nd3 47. Bd2 Qd4 48.
Rxd4 1-0

[Event "AUTO-ADV-4812"]
[Site "http://www.queenalice.com/game.php?id=1843542"]
[Date "2024.9.12"]
[Round "1"]
[White "carlitomontana93270"]
[Black "Shizumaru_Hisame"]
[Result "1-0"]
[WhiteElo "1960"]
[BlackElo "1957"]

1. c4 e5 2. d3 Bc5 3. e3 d5 4. cxd5 Qxd5 5. Nc3 Qe6 6. g3 Bd7 7. Bg2 Bc6 8. Nf3
Nd7 9. O-O O-O-O 10. a3 Nb8 11. e4 f5 12. exf5 Qxf5 13. Nh4 Qd7 14. Bxc6 Nxc6
15. Bg5 Nf6 16. b4 Bb6 17. b5 Ne7 18. a4 Qxd3 19. Qxd3 Rxd3 20. Bxf6 gxf6 21.
Ne4 f5 22. Ng5 f4 23. a5 Bd4 24. Ra2 fxg3 25. hxg3 h6 26. Ngf3 Rc3 27. Rd1 Rc4
28. Re1 Re8 29. Nxe5 Rb4 30. b6 cxb6 31. Rc1+ Kb8 32. Nd7+ Ka8 33. axb6 Bxb6 34.
Nxb6+ Rxb6 35. Re2 a6 36. Rce1 Rb8 37. Rxe7 a5 38. Nf3 Ra6 39. Ra1 a4 40. Re3 b5
41. Nd4 b4 42. Ne6 Ra5 43. Nd4 Rb6 44. Re8+ Kb7 45. Rae1 b3 46. R1e7+ Ka6 47.
Ra8# 1-0

[Event "AUTO-ADV-4812"]
[Site "http://www.queenalice.com/game.php?id=1843555"]
[Date "2024.9.12"]
[Round "1"]
[White "carlitomontana93270"]
[Black "Fredo"]
[Result "0-1"]
[WhiteElo "1951"]
[BlackElo "1967"]

1. c4 c5 2. d3 Nf6 3. g3 g6 4. Bg2 Bg7 5. Nf3 O-O 6. O-O Nc6 7. Nbd2 d6 8. b3
Qa5 9. Bb2 Bd7 10. Qc2 Qc7 11. d4 Nb4 12. Qd1 Rac8 13. a3 Na6 14. d5 Qd8 15. b4
cxb4 16. axb4 Nxb4 17. Rxa7 Qb6 18. Ra1 Na6 19. Rb1 Qc7 20. Qb3 Nc5 21. Qc2 Rb8
22. e3 Bf5 23. e4 Bg4 24. h3 Bd7 25. Nb3 Nxb3 26. Qxb3 b5 27. cxb5 Rxb5 28. Qd1
Qb7 29. Bd4 Rxb1 30. Qxb1 Qxb1 31. Rxb1 Nxe4 32. Bxg7 Kxg7 33. Rb7 Rd8 34. Nd4
Nc5 35. Rc7 Kf6 36. Nc6 Bxc6 37. dxc6 Ke6 38. Ra7 Rc8 39. h4 f5 40. Kf1 Ne4 41.
Ra6 d5 42. f3 Nc5 43. Rb6 Rc7 44. Ke1 Kd6 45. Rb8 Kxc6 46. Rh8 e5 47. Re8 e4 48.
fxe4 dxe4 49. Rh8 Nd3+ 50. Kd2 Ne5 51. Ke3 Kd6 52. Rd8+ Ke7 53. Rh8 Kf6 54. Rf8+
Kg7 55. Re8 Rc3+ 56. Kd2 Rc5 57. Re7+ Nf7 58. Ke3 Re5 59. Rc7 h6 60. Kf4 Kf6 61.
Rc6+ Re6 62. Rc5 g5+ 63. hxg5+ hxg5+ 64. Ke3 Nd6 65. Rc6 f4+ 66. gxf4 Nf5+ 0-1

[Event "AUTO-ADV-4812"]
[Site "http://www.queenalice.com/game.php?id=1843556"]
[Date "2024.9.12"]
[Round "1"]
[White "Fredo"]
[Black "carlitomontana93270"]
[Result "0-1"]
[WhiteElo "1985"]
[BlackElo "1933"]

1. e4 c5 2. Nf3 d6 3. d4 cxd4 4. Nxd4 e5 5. Nf5 g6 6. Ne3 Bg7 7. Nc3 Nf6 8. Bc4
O-O 9. O-O a6 10. f3 b5 11. Bb3 Nc6 12. Ncd5 Bb7 13. c3 Na5 14. Bc2 Rc8 15. Kh1
Nc6 16. Qe1 Ne7 17. Bb3 Rc5 18. Nxe7+ Qxe7 19. a4 bxa4 20. Bxa4 d5 21. exd5 Nxd5
22. Nxd5 Rxd5 23. b3 Rfd8 24. Ba3 Qc7 25. Rc1 Bh6 26. Rb1 Rd3 27. c4 Bd2 28. Qe2
Bc3 29. Rfd1 Rxd1+ 30. Rxd1 a5 31. Rxd8+ Qxd8 32. h3 Qd4 33. Bc1 Kg7 34. Be3 Qh4
35. Bf2 Qg5 36. Be3 Qf5 37. Bg1 e4 38. fxe4 Qxe4 39. Qxe4 Bxe4 40. Bb6 f5 41.
Kg1 Kf7 42. Kf2 Ke6 43. g3 Ke5 44. Ke3 Bg2 45. h4 Be1 46. Bc7+ Kf6 47. c5 Ke6
48. Bd6 Kd5 49. Ke2 Bb4 50. Kf2 Be4 51. Ke3 Bxc5+ 52. Bxc5 Kxc5 53. g4 Bc2 54.
gxf5 Bxf5 55. Kf4 Kb4 56. h5 Bc2 57. hxg6 Bxg6 58. Kg5 Bc2 59. Kh6 Bxb3 60. Bd7
Bc2 61. Kh5 Ba4 62. Bf5 Bb3 63. Bxh7 a4 64. Kg5 a3 65. Bb1 Kc3 0-1

[Event "AUTO-ADV-4812"]
[Site "http://www.queenalice.com/game.php?id=1843557"]
[Date "2024.9.12"]
[Round "1"]
[White "carlitomontana93270"]
[Black "zmanomega"]
[Result "1-0"]
[WhiteElo "1951"]
[BlackElo "1787"]

1. c4 e5 2. d3 Nc6 3. g3 Nd4 4. e3 Nf5 5. Bg2 c6 6. Nf3 f6 7. O-O g5 8. e4 Nd4
9. Nbd2 Nxf3+ 10. Nxf3 h5 11. d4 g4 12. Nh4 d6 13. dxe5 Be6 14. exd6 Bxd6 15.
Ng6 Bxc4 16. Nxh8 Bxf1 17. Qxf1 Kd7 18. Nf7 Qc7 19. Nxd6 Qxd6 20. Bf4 Qd4 21.
Rd1 1-0

[Event "AUTO-ADV-4812"]
[Site "http://www.queenalice.com/game.php?id=1843558"]
[Date "2024.9.12"]
[Round "1"]
[White "zmanomega"]
[Black "carlitomontana93270"]
[Result "1-0"]
[WhiteElo "1739"]
[BlackElo "1959"]

1. e4 c5 2. Bc4 d6 3. d4 cxd4 4. Qxd4 Nc6 5. Qd3 g6 6. c3 Bg7 7. Nf3 Nf6 8. Ng5
O-O 9. Bf4 a6 10. Bxf7+ Kh8 11. Bc4 b5 12. Bb3 e5 13. Be3 Ng4 14. Nf3 Nxe3 15.
Qxe3 Bg4 16. Bd5 Rc8 17. Nbd2 Ne7 18. Bb3 a5 19. Bc2 b4 20. c4 Rxc4 21. Nxc4 Qc7
22. b3 Nc6 23. Ncd2 Ne7 24. O-O-O Rc8 25. Nc4 Rd8 26. Rd2 Nc6 27. h3 Be6 28.
Rhd1 Bf8 29. Ng5 Bxc4 30. bxc4 Nd4 31. Qd3 Bh6 32. h4 Kg8 33. Ba4 Qe7 34. Qg3
Qc7 35. Qd3 Qe7 36. Qg3 Qc7 37. Qd3 Rc8 38. Kb1 Qe7 39. Qg3 Rxc4 40. f4 Qc7 41.
Qd3 Rc3 42. Qf1 Ra3 43. Rc1 Qb7 44. Qc4+ Kg7 45. Bb3 Nxb3 46. axb3 Bxg5 47. fxg5
Qb6 48. Ra2 d5 49. Qc7+ Qxc7 50. Rxc7+ Kg8 51. Rxa3 bxa3 52. exd5 e4 53. Re7 a2+
54. Kxa2 e3 55. d6 e2 56. Rxe2 Kf7 57. d7 a4 58. d8=Q axb3+ 59. Kxb3 h6 60. Re7#
1-0

[Event "AUTO-ADV-4815"]
[Site "http://www.queenalice.com/game.php?id=1844277"]
[Date "2024.9.26"]
[Round "1"]
[White "carlitomontana93270"]
[Black "stoyan1"]
[Result "0-1"]
[WhiteElo "1944"]
[BlackElo "2060"]

1. c4 e5 2. d3 Nf6 3. e3 c6 4. g3 d5 5. cxd5 Nxd5 6. Bg2 Be6 7. Nf3 Bd6 8. O-O
Nd7 9. Nc3 Nxc3 10. bxc3 h5 11. h4 f6 12. Bb2 g5 13. hxg5 Bg4 14. e4 fxg5 15.
Qd2 Bxf3 16. Bxf3 g4 17. Bg2 h4 18. Bc1 Qf6 19. Qg5 h3 20. Qxg4 hxg2 21. Kxg2
O-O-O 22. Bg5 Qg6 23. f4 Rdg8 24. Qf3 exf4 25. Bxf4 Bxf4 26. Qxf4 Rf8 27. Qe3
Rxf1 28. Rxf1 Qh5 29. Kf2 Rf8+ 30. Ke1 Rxf1+ 31. Kxf1 Qd1+ 32. Kf2 Qc2+ 33. Kf3
Ne5+ 34. Kf4 Nxd3+ 35. Kg5 b6 36. Qf3 Qxc3 37. Qg4+ Kb7 38. Qd7+ Ka6 39. Qe6
Qg7+ 40. Kh4 Ne5 41. Qc8+ Ka5 42. Qf5 Qh6+ 43. Qh5 Qxh5+ 44. Kxh5 c5 45. g4 c4
46. g5 c3 47. g6 Nxg6 48. Kxg6 c2 49. e5 c1=Q 50. e6 Qc6 51. Kf7 Qf3+ 52. Ke8
Ka4 53. e7 Ka3 54. Kd8 Qa8+ 55. Kd7 Kxa2 56. e8=Q Qxe8+ 0-1

[Event "AUTO-ADV-4815"]
[Site "http://www.queenalice.com/game.php?id=1844278"]
[Date "2024.9.26"]
[Round "1"]
[White "stoyan1"]
[Black "carlitomontana93270"]
[Result "1-0"]
[WhiteElo "2052"]
[BlackElo "1934"]

1. d4 e6 2. e4 d6 3. Nf3 g6 4. Nc3 Bg7 5. Be3 Nf6 6. Bd3 O-O 7. O-O b6 8. e5
Nfd7 9. Be4 d5 10. Bd3 Nc6 11. a3 Bb7 12. Qd2 Ne7 13. Bh6 c5 14. Bxg7 Kxg7 15.
Ne2 c4 16. Bxg6 Nxg6 17. h3 Rg8 18. Nh2 Qe7 19. Ng4 Kf8 20. Qh6+ Ke8 21. f4 Qh4
22. g3 Qxh6 23. Nxh6 Rg7 24. Kh2 Ke7 25. f5 exf5 26. Nxf5+ Kf8 27. Nxg7 Kxg7 28.
Nf4 Ndf8 29. c3 Ne6 30. Nh5+ Kg8 31. Nf6+ Kg7 32. h4 Ngf8 33. g4 Ng6 34. Kg3 b5
35. h5 Ne7 36. Kh4 Ng8 37. g5 Kf8 38. Nxh7+ Ke7 39. g6 fxg6 40. hxg6 Nf8 41.
Rf7+ Ke6 42. Ng5# 1-0

[Event "AUTO-ADV-4815"]
[Site "http://www.queenalice.com/game.php?id=1844279"]
[Date "2024.9.26"]
[Round "1"]
[White "carlitomontana93270"]
[Black "chessman"]
[Result "1/2-1/2"]
[WhiteElo "1923"]
[BlackElo "1920"]

1. c4 c6 2. d3 d5 3. cxd5 cxd5 4. g3 e6 5. Bg2 Nf6 6. Nf3 Be7 7. O-O O-O 8. Nc3
Nc6 9. e3 h6 10. d4 a6 11. a3 Re8 12. b4 Bd7 13. Bd2 Rc8 14. Rc1 b5 15. a4 Nxb4
16. axb5 axb5 17. Ne5 Na6 18. Ra1 Qb6 19. Nxd7 Nxd7 20. Qb3 b4 21. Na4 Qb5 22.
Rab1 Rb8 23. Rfc1 Nf6 24. Nb2 Ne4 25. Bxe4 dxe4 26. Nc4 Nc7 27. Ne5 Nd5 28. Nc6
Ra8 29. Nxe7+ Rxe7 30. Bxb4 Nxb4 31. Qxb4 Qxb4 32. Rxb4 Rd8 33. Rbc4 f5 34. Rc7
Rde8 35. Rc8 Kf7 36. Rxe8 Rxe8 37. Kg2 Re7 38. h4 g5 39. Kh3 g4+ 40. Kg2 Ra7 41.
Rc5 Kf6 42. Rc8 Re7 43. Rh8 Kg7 44. Rc8 h5 45. Rc6 Kf6 46. Rc8 e5 47. Rc6+ Kg7
48. dxe5 Rxe5 49. Rd6 Rc5 50. Re6 Rc7 51. Kf1 Rc2 1/2-1/2

[Event "AUTO-ADV-4815"]
[Site "http://www.queenalice.com/game.php?id=1844280"]
[Date "2024.9.26"]
[Round "1"]
[White "chessman"]
[Black "carlitomontana93270"]
[Result "1/2-1/2"]
[WhiteElo "2017"]
[BlackElo "1930"]

1. e4 c5 2. Nf3 d6 3. Bb5+ Bd7 4. Bxd7+ Nxd7 5. c3 g6 6. O-O Bg7 7. Re1 Ngf6 8.
Qe2 O-O 9. d4 cxd4 10. cxd4 Qc7 11. e5 dxe5 12. dxe5 Ng4 13. e6 Nde5 14. exf7+
Nxf7 15. Qxe7 Qc6 16. Nc3 Rfe8 17. Qh4 Rxe1+ 18. Nxe1 Qe6 19. Bf4 Re8 20. Nf3
Ngh6 21. Rd1 Nf5 22. Qh3 Bxc3 23. bxc3 Qe2 24. Rf1 Qxa2 25. Ng5 N5h6 26. Qd7 Qe2
27. Qxb7 Qe7 28. Qb3 Qf6 29. Nxf7 Qxf7 30. Qxf7+ Nxf7 31. Be3 a6 32. c4 Rc8 33.
Ra1 Rc6 34. Ra4 Ne5 35. c5 Nd7 36. h3 Kf7 37. Kf1 Ke6 38. g4 Nxc5 39. Bxc5 Rxc5
40. Rxa6+ Kf7 41. Kg2 Rc3 42. f3 Kg7 43. h4 Rb3 44. Kg3 Rb1 45. Ra2 Rd1 46. Ra7+
Kg8 47. Kf4 Rd4+ 48. Kg3 Rb4 49. g5 Rd4 50. f4 Re4 51. Kg4 Re1 52. Ra3 Re7 53.
h5 Re1 54. hxg6 hxg6 55. Rg3 Kg7 56. f5 Re4+ 57. Kf3 gxf5 58. Kf2 Kg6 59. Kf3
Ra4 60. Rg2 Rh4 61. Rg3 Ra4 62. Rg2 Ra3+ 63. Kf4 Ra4+ 64. Kf3 1/2-1/2

[Event "AUTO-ADV-4815"]
[Site "http://www.queenalice.com/game.php?id=1844281"]
[Date "2024.9.26"]
[Round "1"]
[White "carlitomontana93270"]
[Black "mvson33"]
[Result "1-0"]
[WhiteElo "1923"]
[BlackElo "1698"]

1. c4 Nf6 2. d3 e5 3. g3 Bc5 4. e3 O-O 5. Bg2 a6 6. Nf3 Nc6 7. O-O d6 8. Nc3 Bg4
9. Qc2 Ba7 10. h3 Bd7 11. d4 exd4 12. exd4 Rb8 13. d5 Nd4 14. Qd3 Nxf3+ 15. Qxf3
c6 16. dxc6 bxc6 17. Ne4 Nxe4 18. Qxe4 Re8 19. Qd3 Qe7 20. Bd2 Rec8 21. Rfe1 Qd8
22. Qxd6 Rxb2 23. Bc3 Rbb8 24. Qe5 Qe8 25. Qd6 Qd8 26. Qe5 Be6 27. Qxg7# 1-0

[Event "AUTO-ADV-4815"]
[Site "http://www.queenalice.com/game.php?id=1844282"]
[Date "2024.9.26"]
[Round "1"]
[White "mvson33"]
[Black "carlitomontana93270"]
[Result "0-1"]
[WhiteElo "1731"]
[BlackElo "1936"]

1. e4 c5 2. Nf3 d6 3. Bc4 e6 4. O-O g6 5. d4 b6 6. dxc5 bxc5 7. Nc3 Bg7 8. Bd2
Nf6 9. Bg5 O-O 10. Qe2 Nc6 11. Rad1 Qc7 12. Bf4 e5 13. Bg3 Bg4 14. Qe3 Rab8 15.
Be2 Rxb2 16. Qc1 Rb7 17. Bd3 Rd8 18. Be2 Ne7 19. Qd2 Nc6 20. h3 Be6 21. a3 d5
22. exd5 Nxd5 23. Nxd5 Bxd5 24. Qc1 Nd4 25. Nxd4 cxd4 26. Rfe1 Bc6 27. Qa1 Qe7
28. Qa2 Bd5 29. Bc4 Bxc4 30. Qxc4 Rc7 31. Qa2 Rdc8 32. Rd2 Rc5 33. Red1 Qc7 34.
Rc1 Bh6 35. Rxd4 Bxc1 0-1

[Event "AUTO-ADV-4822"]
[Site "http://www.queenalice.com/game.php?id=1846287"]
[Date "2024.10.27"]
[Round "1"]
[White "jenyasm"]
[Black "carlitomontana93270"]
[Result "0-1"]
[WhiteElo "1674"]
[BlackElo "1913"]

1. e4 c5 2. Nf3 g6 3. c3 Bg7 4. d3 d6 5. Nbd2 Nf6 6. h3 O-O 7. g3 Nc6 8. Bg2 Bd7
9. O-O a6 10. Nc4 b5 11. Ne3 Qc8 12. Nd5 e6 13. Nb6 Qb7 14. Nxa8 Qxa8 15. Bf4 e5
16. Be3 Qc8 17. Kh2 Nh5 18. b3 Be6 19. Ng5 Bd7 20. a4 h6 21. Nf3 Kh7 22. axb5
axb5 23. Qd2 Be6 24. c4 bxc4 25. bxc4 Nb4 26. Ra3 f5 27. exf5 Bxf5 28. Ne1 Be6
29. g4 Nf6 30. Nf3 e4 31. dxe4 Bxc4 32. Rd1 Rd8 33. Qc1 Be6 34. Bf4 Nxe4 35. Qe3
Bd5 36. Nd2 Bd4 37. Qe2 Nxd2 38. Bxd2 Re8 39. Qf1 Bf7 40. Bxb4 cxb4 41. Raa1
Bxa1 42. Rxa1 b3 43. Rb1 Qc4 44. Qxc4 Bxc4 45. Bf1 Bxf1 46. Rxf1 b2 47. Rb1 Rb8
48. Kg2 Kg7 49. Kf3 Rb4 50. Ke3 Kf6 51. f4 Ke6 52. Kd3 Kd5 53. Ke3 Kc4 54. Ke4
Kc3+ 55. Kd5 Rb6 56. Ke6 Kc2 0-1

[Event "AUTO-ADV-4822"]
[Site "http://www.queenalice.com/game.php?id=1846288"]
[Date "2024.10.27"]
[Round "1"]
[White "carlitomontana93270"]
[Black "jenyasm"]
[Result "1-0"]
[WhiteElo "1906"]
[BlackElo "1692"]

1. c4 e5 2. d3 d6 3. e3 Nc6 4. g3 Bf5 5. Bg2 Rb8 6. Nf3 h6 7. O-O Nb4 8. e4 Bg4
9. h3 Bxf3 10. Qxf3 Nc2 11. Bd2 Nxa1 12. Na3 d5 13. Rxa1 dxe4 14. Qxe4 Qd4 15.
Qxd4 exd4 16. Nb5 c6 17. Nc7+ Kd8 18. Bf4 Nf6 19. Nb5 Ra8 20. Na3 Bc5 21. Nc2
Ke7 22. b4 Bd6 23. Bd2 Be5 24. Re1 Kd7 25. Rxe5 Rae8 26. Rxe8 Rxe8 27. Nxd4 Re5
28. Bc3 Re7 29. Nf5 Re2 30. Nxg7 Rxa2 31. Bxf6 1-0

[Event "AUTO-ADV-4822"]
[Site "http://www.queenalice.com/game.php?id=1846307"]
[Date "2024.10.27"]
[Round "1"]
[White "carlitomontana93270"]
[Black "Erlofabr"]
[Result "0-1"]
[WhiteElo "1933"]
[BlackElo "1655"]

1. c4 c5 2. d3 e5 3. e3 f5 4. g3 d5 5. cxd5 Qxd5 6. Nf3 f4 7. exf4 Bg4 8. Bg2
Nf6 9. O-O e4 10. dxe4 Qxe4 0-1